Parla con me 2 (Registro nro. 3865)

Detalles MARC
000 -CABECERA
campo de control de longitud fija 00662nam a2200229 i 4500
001 - NÚMERO DE CONTROL
campo de control Rebiun00911135
003 - IDENTIFICADOR DEL NÚMERO DE CONTROL
campo de control AR-RoIUNI
005 - FECHA Y HORA DE LA ÚLTIMA TRANSACCIÓN
campo de control 20190123164126.0
008 - DATOS DE LONGITUD FIJA--INFORMACIÓN GENERAL
campo de control de longitud fija 140606s2012 it f 000 0 ita c
020 ## - NÚMERO INTERNACIONAL ESTÁNDAR DEL LIBRO
Número Internacional Estándar del Libro 9788861822467
040 ## - FUENTE DE LA CATALOGACIÓN
Centro catalogador/agencia de origen SpMaUCFL.
Lengua de catalogación spa
Centro/agencia transcriptor AR-RoIUNI
080 ## - NÚMERO DE LA CLASIFICACIÓN DECIMAL UNIVERSAL
Número de la Clasificación Decimal Universal 811.131.1 DAN
100 1# - ENTRADA PRINCIPAL--NOMBRE DE PERSONA
Nombre de persona D'Angelo, Katia
245 10 - MENCIÓN DE TÍTULO
Título Parla con me 2
Resto del título Corso di lingua e cultura italiana per ragazzi
Nombre de parte o sección de la obra Guida per l'insegnante
Mención de responsabilidad, etc. Katia D'Angelo, Diana Pedol
250 ## - MENCIÓN DE EDICIÓN
Mención de edición 1a. ed.
260 ## - PUBLICACIÓN, DISTRIBUCIÓN, ETC. (PIE DE IMPRENTA)
Lugar de publicación, distribución, etc. Firenze :
Nombre del editor, distribuidor, etc. Alma,
Fecha de publicación, distribución, etc. 2012
300 ## - DESCRIPCIÓN FÍSICA
Extensión 96 p. ;
Dimensiones 28cm
500 ## - NOTA GENERAL
Nota general A2 juniores
650 10 - PUNTO DE ACCESO ADICIONAL DE MATERIA--TÉRMINO DE MATERIA
Término de materia o nombre geográfico como elemento inicial Italiano
Subdivisión general Lengua
9 (RLIN) 544
700 1# - PUNTO DE ACCESO ADICIONAL--NOMBRE DE PERSONA
Nombre de persona Pedol, Diana
942 ## - ELEMENTOS DE PUNTO DE ACCESO ADICIONAL (KOHA)
Fuente del sistema de clasificación o colocación Clasificación Decimal Universal
Tipo de ítem Koha Libros
Existencias
Estado de retiro Estado de pérdida Fuente del sistema de clasificación o colocación Estado dañado Excepción de préstamo Localización permanente Ubicación/localización actual Ubicación en estantería Fecha de adquisición Número de inventario Total de préstamos Signatura topográfica completa Código de barras Fecha visto por última vez Precio válido a partir de Tipo de ítem Koha
    Clasificación Decimal Universal     BIBLIOTECA CENTRAL BIBLIOTECA CENTRAL BIBLIOTECA CENTRAL 23/01/2019 4030   811.131.1 DAN 4030c 12/09/2022 15/06/2018 Libros
    Clasificación Decimal Universal     BIBLIOTECA CENTRAL BIBLIOTECA CENTRAL BIBLIOTECA CENTRAL 05/04/2021 6811   811.131.1 DAN 6811 05/04/2021 05/04/2021 CD / DVD